000 01234cam a22003251 4500
001 gs 53000283
003 DLC
005 20260227111400.0
008 780204s1953 fr abf b 000 0 fre c
010 _ags 53000283
035 _a(OCoLC)3604052
040 _aU.S.Geol.Survey. Libr.
_cCCC
_dOCoLC
_dDLC
042 _apremarc
050 1 0 _aQE268
_b.A3 t. 50 no. 236
100 1 _aMouterde, René,
_d1880-1961.
245 1 0 _aÉtudes sur le lias et le bajocien des bordures nord et nord-est du massif central français.
260 _aParis,
_bBéranger,
_c1953.
300 _a458 p.
_billus., plates, maps, tables.
_c24 cm.
490 1 _aBulletin du Service de la carte géologique de la France.
_vNo 236, t. 50, 1952
500 _aCover title.
500 _aAt head of title: Ministère de l'industrie et du commerce.
500 _aPages also numbered 63-521.
500 _aPart of illustrative matter is folded; part in pocket.
504 _a"Bibliographie": p. 11-23.
650 0 _aGeology
_zFrance.
650 0 _aGeology, Stratigraphic
_yJurassic.
650 0 _aPaleontology
_zFrance.
650 0 _aPaleontology
_yJurassic.
830 0 _aBulletin du Service de la carte géologique de la France ;
_vno 236, t. 50, 1952.
999 _c28788
_d28788